Información general / (Registro nro. 8325)

Detalles MARC
000 -LEADER
fixed length control field 01074nam a2200205Ia 4500
003 - CONTROL NUMBER IDENTIFIER
control field OSt
005 - DATE AND TIME OF LATEST TRANSACTION
control field 20210812152239.0
008 - FIXED-LENGTH DATA ELEMENTS--GENERAL INFORMATION
fixed length control field 210310s1984 ck gr 000 0 spa d
040 ## - CATALOGING SOURCE
Original cataloging agency CO-JMCR
Transcribing agency CO-JMCR
041 0# - LANGUAGE CODE
Language code of text/sound track or separate title spa
082 04 - DEWEY DECIMAL CLASSIFICATION NUMBER
Classification number 332.6 /
Item number B693i
Edition number 23
110 2# - MAIN ENTRY--CORPORATE NAME
Corporate name or jurisdiction name as entry element Bolsa de Bogotá
9 (RLIN) 36239
245 #0 - TITLE STATEMENT
Title Información general /
Statement of responsibility, etc. Bolsa de Bogotá
260 ## - PUBLICATION, DISTRIBUTION, ETC.
Place of publication, distribution, etc. Bogotá :
Name of publisher, distributor, etc. Oficinas de Divulgación,
Date of publication, distribution, etc. 1984
300 ## - PHYSICAL DESCRIPTION
Extent 54 páginas ;
Dimensions 22x34 cm.
505 0# - FORMATTED CONTENTS NOTE
Formatted contents note ¿Qué es y que hace la Bolsa de Bogotá? -- Glosario de términos bursátiles -- Miembros activos de la Bolsa de Bogotá -- Requisitos para el ingreso como miembro en la Bolsa de Bogotá -- Requisitos para la inscripción de acciones -- Requisitos para la inscripción de otros valores -- Las operaciones en Bolsa -- Metodología de rentabilidad -- Títulos negociables inscritos -- Tarifa de comisiones en vigencia -- índice de precios Bolsa de Bogotá -- Volumen acumulado de operaciones
650 14 - SUBJECT ADDED ENTRY--TOPICAL TERM
Topical term or geographic name entry element Bolsa de valores
9 (RLIN) 16947
Geographic subdivision Colombia
650 24 - SUBJECT ADDED ENTRY--TOPICAL TERM
Topical term or geographic name entry element Acciones (Bolsa)
Geographic subdivision Colombia
9 (RLIN) 39353
942 ## - ADDED ENTRY ELEMENTS (KOHA)
Source of classification or shelving scheme Dewey Decimal Classification
Koha item type Books
Existencias
Withdrawn status Lost status Source of classification or shelving scheme Damaged status Not for loan Collection code Home library Current library Date acquired Source of acquisition Full call number Barcode Date last seen Copy number Koha item type
    Dewey Decimal Classification     Non-fiction Biblioteca Pública José María del Castillo y Rada Biblioteca Pública José María del Castillo y Rada 04/15/2018 Donación 332.6 / B693i 430002890 05/16/2024 Ej.1 Books